000 00487nam a2200181Ia 4500
001 15273
005 20260306165015.0
008 260306t2018||||xx |||||||||||||| ||spa||
041 _aESP
082 _a531.112
_bM96
100 _aMuñoz Rodríguez, Carlos Eduardo
_eAUT
245 0 _aMecánica para ingenieros:
_bcinemática: apuntes de preparación de clases
260 _c2018
300 _a244 páginas :
_c28 cm.
650 _aGEN
654 _aCCN
942 _cLIB
_dJUS
_fJUS
_2ddc
_n
999 _c15273
_d15273